| Tag |
First Indicator |
Second Indicator |
Subfields |
| LEADER |
00000cam a2200000 i 4500 |
| 001 |
in00004467113 |
| 005 |
20191202121749.0 |
| 008 |
770817s1977 paua b 00100 eng |
| 010 |
|
|
|a 77152020
|
| 020 |
|
|
|a 0721625967
|
| 035 |
|
|
|a (OCoLC)03142458
|
| 035 |
|
|
|9 AAD0122MS
|
| 035 |
|
|
|z (UtOrBLW)9387
|
| 035 |
|
|
|a 16822
|
| 040 |
|
|
|a DLC
|c DLC
|d MCL
|d CLU
|d TXA
|d UtOrBLW
|
| 049 |
|
|
|a TXAX
|c [1156367]
|
| 059 |
|
|
|l MS/BOOK STKS
|v 2
|y 1
|z 1
|t BOOK
|k CIRCULATING
|i 323890008042$
|j 1156367
|n NL
|a WF 553
|b A851 1977a
|
| 060 |
|
0 |
|a WF 553
|b A851 1977a
|
| 060 |
|
4 |
|a WF 553
|b C54a 1977
|
| 245 |
0 |
0 |
|a Asthma /
|c edited by T. J. H. Clark and S. Godfrey.
|
| 264 |
|
1 |
|a Philadelphia :
|b Saunders,
|c 1977.
|
| 300 |
|
|
|a xii, 409 pages :
|b illustrations ;
|c 25 cm.
|
| 336 |
|
|
|a text
|2 rdacontent
|b txt
|
| 337 |
|
|
|a unmediated
|2 rdamedia
|
| 338 |
|
|
|a volume
|2 rdacarrier
|b nc
|
| 504 |
|
|
|a Includes bibliographies and index.
|
| 650 |
|
2 |
|a Asthma.
|
| 700 |
1 |
|
|a Clark, T. J. H.
|q (Timothy John Hayes)
|
| 700 |
1 |
|
|a Godfrey, S.
|q (Simon)
|
| 948 |
|
|
|a Keep until updated per EC; 2003 evaluation, nb 10/02/03.
|
| 999 |
|
|
|a MARS
|
| 999 |
f |
f |
|s 1f652696-6e76-34e9-aaed-ed831596e77e
|i f8ce51f6-321d-3db6-a3ec-7936ceb07516
|t 0
|
| 952 |
f |
f |
|p ric
|a Texas A&M University
|b Rellis Campus
|c Joint Library Facility
|d Remote Storage
|t 0
|e WF 553 A851 1977a
|h National Library of Medicine classification
|i unmediated -- volume
|m 323890008042$
|
| 998 |
f |
f |
|a WF 553 A851 1977a
|t 0
|l Remote Storage
|